Cơ sở văn hóa Việt Nam

محفوظ في:
التفاصيل البيبلوغرافية
المؤلف الرئيسي: Trần Quốc Vượng
التنسيق: كتاب
اللغة:Undetermined
منشور في: Hà Nội Giáo dục 2001
الموضوعات:
الوسوم: إضافة وسم
لا توجد وسوم, كن أول من يضع وسما على هذه التسجيلة!
Thư viện lưu trữ: Trung tâm Học liệu Trường Đại học Cần Thơ
LEADER 00493nam a2200181Ia 4500
001 CTU_93146
008 210402s9999 xx 000 0 und d
082 |a 306.0899592 
082 |b V561 
100 |a Trần Quốc Vượng 
245 0 |a Cơ sở văn hóa Việt Nam 
260 |a Hà Nội 
260 |b Giáo dục 
260 |c 2001 
650 |a Vietnam 
650 |x Civilization 
904 |i Trúc,Hải 
980 |a Trung tâm Học liệu Trường Đại học Cần Thơ